Brotherhood & Benevolence/ (Record no. 201336)

MARC details
000 -LEADER
fixed length control field 00716nam a22002057a 4500
005 - DATE AND TIME OF LATEST TRANSACTION
control field 20240311113114.0
008 - FIXED-LENGTH DATA ELEMENTS--GENERAL INFORMATION
fixed length control field 090826t xxu||||| |||| 00| 0 eng d
010 ## - LCCN (DPL NO)
LC control number ENG-139606
020 ## - INTERNATIONAL STANDARD BOOK NUMBER
International Standard Book Number 9788193488607
Terms of availability 3000.00
035 ## - SYSTEM CONTROL NUMBER
System control number EN-123138
037 ## - SOURCE OF ACQUISITION
Source of stock number/acquisition DBAD/PUB
082 ## - DEWEY DECIMAL CLASSIFICATION NUMBER
Classification number 366.10954
100 ## - MAIN ENTRY--PERSONAL NAME
Personal name Sriram V.
9 (RLIN) 63004
245 ## - TITLE STATEMENT
Title Brotherhood & Benevolence/
Remainder of title The History of English Freemasonry In South India:
260 ## - PUBLICATION, DISTRIBUTION, ETC. (IMPRINT)
Name of publisher, distributor, etc T A Devgnanam
Place of publication, distribution, etc Madras
Date of publication, distribution, etc 2017
270 ## - ADDRESS
Address The District Grand Lodge of Madras
City Madras
300 ## - PHYSICAL DESCRIPTION
Extent 290:p.
Dimensions 29cm(hb)
700 ## - ADDED ENTRY--PERSONAL NAME
Personal name Bhatt, Karthik A
9 (RLIN) 63005
942 ## - ADDED ENTRY ELEMENTS (KOHA)
Source of classification or shelving scheme Dewey Decimal Classification
Item type English Books
Classification part 366.10954
Call number suffix SRI
Holdings
Withdrawn status Lost status Source of classification or shelving scheme Damaged status Not for loan Collection code Home library Current library Shelving location Date acquired Source of acquisition Cost, normal purchase price Total Checkouts Full call number Barcode Date last seen Copy number Cost, replacement price Koha item type
    Dewey Decimal Classification   Not For Loan Reference Ashok Vihar Ashok Vihar Reference 11/03/2024 DBAD 3000.00   366.10954 SRI EN-123138 11/03/2024 1 3000.00 English Books

© Delhi Public Library
Hit Counter
free hit counter